000 02196nam0a2200421 4500
001 RU\NLR\BIBL_A\022702173
005 20260426080518.0
010 _a978-5-00250-684-2
_91500
021 _aRU
_bКН-П-25-070861
_9КН-П-25-6860
035 _a(NLR Aleph) 022702173
090 _a13696365
_c13696365
100 _a20260116d2026 u y0rusy50 ca
101 0 _arus
102 _aRU
105 _aa z 000ay
181 0 _ai3
_baxxe
182 0 _an
200 1 _aРусская готика
_eсборник
_f[ответственные редакторы: Дарья Облинова, Ксения Баранова
_gиллюстрации: Selcha Uni]
203 _aТекст
_bвизуальный
_cнепосредственный
210 _aМосква
_cМИФ
_d2026 (печ. 2025)
215 _a221, [2] с.
_cил.
_d15
225 1 _aВечные истории
_iМини-книга
300 _aНа тит. с. и обл. содерж.: авт.: А. П. Чехов, В. П. Титов, В. Ф. Одоевский, М. Н. Загоскин, А. А. Бестужев-Марлинский
309 _aВложено в коробку (34x32 см) с загл.: "Коллекция русской классики: комплект из 6 книг" с др. 5-ю кн.
327 1 _aСодерж.: Черный монах / А. П. Чехов. Уединенный домик на Васильевском / В. П. Титов. Косморама / В. Ф. Одоевский. Концерт бесов / М. Н. Загоскин. Страшное гаданье / А. А. Бестужев-Марлинский
333 _a16+
517 1 _aКоллекция русской классики
_eкомплект из 6 книг
686 2 _aШ6(2=Р)5-4
686 2 _aШ6(2=Р)5-94
702 0 _4440
_7ba
_8rus
_aSelcha Uni
_cпсевдоним
_9238894
_3RU\NLR\AUTH\770238950
702 1 _aОблинова
_bД.
_gДарья
_4340
942 _cBOOK
980 _aNB